| 000 | 00539nam a2200205Ia 4500 | ||
|---|---|---|---|
| 008 | 200601s9999 xx 000 0 und d | ||
| 050 | _aFIC G98b | ||
| 050 | _b1988 | ||
| 100 | _aGutman, Bill. | ||
| 245 | 0 | _aBaseball's record breakers / | |
| 260 | _aNew York : | ||
| 260 | _bPocket books, | ||
| 260 | _c1988 | ||
| 300 | _a120 pages : | ||
| 300 | _c18 cm. | ||
| 650 | _aBasketball -- Miscellenea. | ||
| 650 | _aBasketball players -- United States -- Biography. | ||
| 650 | _xBasketball -- Records. | ||
| 650 | _xSport stories. | ||
| 999 |
_c363446 _d363446 |
||